Responses for Show #8936 - Monday, September 25, 2023

2023 Second Chance competition week 3, semifinal game 1.

Contestants

[<< previous game]

Colin Beazley, a private investment professional from West Palm Beach, Florida

Jilana Cotter, a senior data analyst from Dade City, Florida

Elaine Filadelfo, a consumer insights researcher from Washington, D.C.

[next game >>]

Jeopardy! Round responses

INTERNATIONAL RELATIONS
BEST ORIGINAL SCREENPLAY OSCARS
WHAT'S IN THAT CHIP
SHAKESPEARE -LOGUES ON
(Ken: You'll name the Shakespeare character either monologuing or dialoguing here.)
U.S. CAPITAL AIRPORT CODES
(Ken: We need the state served by each airport.)
FIX THE MALAPROP
    $200 27
expulsion

Elaine
    $200 25
The King's Speech

Jilana
    $200 29
duck

Elaine
    $200 30
Juliet

Jilana
    $200 19
Hawaii

Elaine
    $200 22
(Colin: What is National [*]?)
(Ken: Probably not in the lavatory, yeah.)

Laboratory

Colin
    $400 26
the Spanish-American War

Jilana
    $400 24
Spotlight

Jilana
    $400 28
tea

Elaine
    $400 23
Brutus

Elaine
    $400 18
(Jilana: What is Rhode Island?)
...
(Ken: That's correct, Little Rock.)

Arkansas

JilanaColin
    $400 21
(Jilana: What is [*] chant?)

Gregorian

Jilana
    $600 10
Northern Ireland

Jilana
    $600 1
Lost in Translation

Jilana
    $600 6
a ghost pepper

Colin
    $600 7
Iago

Jilana
    $600 15
(Elaine: What is [*]? Montgomery.)

Alabama

Elaine
    $600 5
(Jilana: What is misery makes strange [*]?)

bedfellows

Jilana
    $800 11
a mission

Triple Stumper
    $800 3
the Coen brothers

Elaine
    $800 8
borscht

Jilana
    $800 13
Rosencrantz & Guildenstern

Colin
    $800 16
New Mexico

Elaine
    $800 2
(Elaine: What is [*] Center?)

Barclays

Elaine
    $1000 12
the General Assembly

Colin
    $1000 4
Manchester by the Sea

Elaine
    $2,600 9
haggis

Jilana
    $1000 14
(Jilana: Who is Bottom?)
...
(Ken: Yeah, we needed the speaker.)
(Jilana: Oh.)

Puck

ElaineJilana
    $1000 17
(Ken: BTR is Baton Rouge.)

Louisiana

Triple Stumper
    $1000 20
(Ken: Yeah, it's much better.)

Sisyphus

Jilana

Scores at the first commercial break (after clue 15):

Elaine Jilana Colin
$4,200 $4,800 $2,400

Scores at the end of the Jeopardy! Round:

Elaine Jilana Colin
$6,400 $7,000 $3,000

Double Jeopardy! Round responses

A PLACE IN HISTORY
SO THAT'S WHAT THOSE LYRICS SAY!
INDIANA WANTS YOU
FRENCH LITERATURE
WHITE HOUSE PETS
FARMING PHRASES
    $400 30
(Colin: What is Westminster?)
(Ken: Westminster...)
(Colin: Abbey.)

Westminster Abbey

Colin
    $400 29
Taylor Swift

Colin
    $400 17
the Colts

Colin
    $400 28
Beauty and the Beast

Colin
    $400 25
German Shepherd

Colin
    $400 26
to sow your wild oats

Jilana
    $800 1
Battle of New Orleans

Colin
    $800 14
Elton John

Triple Stumper
    $800 9
Pence

Elaine
    $800 19
(Colin: Who is Verne?)

Dumas

ElaineColin
    $800 24
Lafayette

Colin
    $800 27
putting them out to pasture

Jilana
    $1200 2
the Parthenon

Colin
    $1200 13
Adele

Colin
    $1200 5
Grissom

Jilana
    $1200 7
Lupin

Elaine
    $1200 8
(Colin: Who is Carter?)
(Ken: More specifically?)
(Colin: Who is Rosalynn Carter?)
...
(Ken: Yeah, Rosalynn's her mom.)

Amy Carter

JilanaColin
    $1200 22
the chaff

Jilana
    $3,500 3
(Colin: What is Templar?)

the Knights of Malta

Colin
    $1600 11
(Elaine: Who is Celine Dion?)
...
(Elaine: Not a Belieber.)
[Laughter]

Justin Bieber

Elaine
Triple Stumper
    $1600 15
(Colin: What is NASCAR?)

gymnastics

ElaineColin
    $1600 6
the Prix Goncourt

Triple Stumper
    $3,000 10
(Ken: Elaine?)
(Elaine: Who is... Eisenhower?)

Calvin Coolidge

Elaine
    $1600 20
the back 40

Triple Stumper
    $2000 4
Avignon

Jilana
    $2000 12
The Doobie Brothers

Triple Stumper
    $2000 16
Muncie

Jilana
    $2000 18
Zola

Colin
    $2000 21
Teddy Roosevelt

Jilana
    $2000 23
pecking order

Elaine

Scores at the end of the Double Jeopardy! Round:

Elaine Jilana Colin
$8,200 $17,800 $3,900
(lock game)

[wagering suggestions for these scores]

Final Jeopardy! Round responses

SCIENTISTS
(Ken: [To Colin] Yes, their article announcing the structure of DNA.)
...
(Ken: [To Jilana] Yeah, give [**] top billing there.)
[Laughter]
(Ken: He's a little less weird.)
ColinWho are Watson & Crick?
$0
ElaineWho are Watson + Crick?
$200
JilanaWho are Crick & Watson?
$1,000
(James) Watson & (Francis) Crick

Final scores:

Elaine Jilana Colin
$8,400 $18,800 $3,900
2nd place: $3,000 Finalist 3rd place: $2,000

Game dynamics:

Coryat scores:

Elaine Jilana Colin
$11,200 $16,200 $7,400
16 R,
2 W
(including 1 DD)
20 R
(including 1 DD),
2 W
15 R,
4 W
(including 1 DD)

Combined Coryat: $34,800

[game clues] [game scores] [suggest correction]

Game tape date: 2023-08-18
The J! Archive is created by fans, for fans. Scraping, republication, monetization, and malicious use prohibited; this site may use cookies and collect identifying information. See terms. The Jeopardy! game show and all elements thereof, including but not limited to copyright and trademark thereto, are the property of Jeopardy Productions, Inc. and are protected under law. This website is not affiliated with, sponsored by, or operated by Jeopardy Productions, Inc. Join the discussion at JBoard.tv.